Unstable SMP - Statistics

General Stats
  • This quiz has been taken 13 times
  • The average score is 12 of 34
Answer Stats
Hint Answer % Correct
Ruler of the Nether? ClownPierce
60%
2nd in command of the above? Deputy_Ace
60%
Teammate of one of the protagonists, has a coordinate book that is very valuable?Also has the most aura. Eggchan
60%
Player who was in the Mafia and fought the Law as a combat master? FlameFrags
60%
Ruler of the above? LettuceK
60%
Teammate of the above? Lomedy
60%
Player who trained the above? ManePear
60%
Player who yells, "For My Brother!"? SargeLaw
60%
Empire that held the election for the Kings Arc? The Law
60%
Player with two maces, orbitals, an elytra, and good PVP skills? Wemmbu
60%
Faction led by Saparata that Flamefrags joined? Cindercrest
40%
Player who used to work with Leo? JumperWho
40%
Empire that ruled the server at the end of season 1? Mafia
40%
Spokes teammate? Mapicc
40%
Guardian of the tomb of the mafia? Marlowww
40%
Guardian of the End? MinuteTech
40%
Name of the prison Wifies trapped Parrotx2 in? Paragon
40%
Person who was targeted by the director? Parrotx2
40%
Trainer of Flame who tried to kill him when he found out who he was? Swight
40%
Faction Spoke is fighting The Null
40%
Teammate of the person above, also the director? Wifies
40%
Ruler of the above? Ashswagg
20%
Trainer of Flame who trained him and taught him "the zone"? Itzrealme
20%
Empire named after this player? PrinceZam Empire
20%
Brother of the above player? SargeRaxby
20%
Player who killed the above? Spokeishere
20%
Another teammate of said person who was part of the treasure hunting duo? TheobaldTheBird
20%
New antagonist and Leader of this faction named after him? Arachn1d
0%
Town recently taken by the faction above? Highwater
0%
Player who is known for carting, BAT, and joining Law? Leow0ok
0%
Player who was in the final law fight with basically no lore? Purpled
0%
Player in the Law who Eggchan told Wemmbu stories about? TheG0dOfWar
0%
Player who was killed by Theo? The_Oroboros
0%
Right hand man of the above? Yungyx
0%
No matching quizzes found
Score Distribution
Percent of People with Each Score
Percentile by Number Answered
Your Score History
You have not taken this quiz